[Event "20. Open Internacional de Gros"]
[Site "San Sebastián ESP"]
[Date "2010.09.24"]
[Round "1.1"]
[White "Mirzoev, Azer"]
[Black "Orube Bona, Andoni"]
[Result "1-0"]
[WhiteElo "2527"]
[BlackElo "1743"]
[PlyCount "55"]
[EventDate "2010.09.24"]
[EventType "swiss"]
[EventRounds "9"]
[EventCountry "ESP"]
[Source "lmi"]
[SourceDate "2010.09.24"]

1. Nf3 e6 2. c4 f5 3. Nc3 Nf6 4. g3 c6 5. Bg2 d5 6. b3 Bd6 7. O-O O-O 8. a4 a5
9. Ba3 Ne4 10. Bxd6 Nxd6 11. d3 Nd7 12. Qc2 Nf7 13. e4 Nfe5 14. Nxe5 Nxe5 15.
exd5 f4 16. Rfe1 Qf6 17. d4 Ng4 18. Ne4 Qg6 19. dxc6 f3 20. Bf1 Nxh2 21. Kxh2
Rf5 22. Kg1 Rh5 23. Qd3 e5 24. Qxf3 Bg4 25. cxb7 Rb8 26. Qg2 Qf5 27. Nd6 Qf8
28. Qd5+ 1-0

[Event "20. Open Internacional de Gros"]
[Site "San Sebastián ESP"]
[Date "2010.09.24"]
[Round "1.2"]
[White "Lazkano Gaite, Tomas"]
[Black "Argandona Riveiro, Inigo"]
[Result "0-1"]
[WhiteElo "1736"]
[BlackElo "2408"]
[PlyCount "62"]
[EventDate "2010.09.24"]
[EventType "swiss"]
[EventRounds "9"]
[EventCountry "ESP"]
[Source "lmi"]
[SourceDate "2010.09.24"]

1. d4 d6 2. c4 g6 3. Nc3 Bg7 4. e4 Nc6 5. Be3 e5 6. Nge2 Nh6 7. f3 f5 8. g3
fxe4 9. Nxe4 O-O 10. d5 Nf5 11. Bg5 Nce7 12. h4 h6 13. Bxe7 Qxe7 14. Qd3 Nd4
15. Nxd4 exd4 16. O-O-O Bf5 17. g4 Bxe4 18. Qxe4 Qxe4 19. fxe4 Rf4 20. g5 h5
21. Bh3 Be5 22. Rdf1 Raf8 23. Rxf4 Rxf4 24. Kc2 Kg7 25. Bc8 b6 26. Kd3 Rf3+ 27.
Kc2 d3+ 28. Kc1 Rf2 29. b4 Bc3 30. Rd1 Rc2+ 31. Kb1 Rb2+ 0-1

[Event "20. Open Internacional de Gros"]
[Site "San Sebastián ESP"]
[Date "2010.09.24"]
[Round "1.3"]
[White "Hernandez, Elvis"]
[Black "Boo Aldanondo, Alex"]
[Result "1-0"]
[WhiteElo "2282"]
[BlackElo "1679"]
[PlyCount "35"]
[EventDate "2010.09.24"]
[EventType "swiss"]
[EventRounds "9"]
[EventCountry "ESP"]
[Source "lmi"]
[SourceDate "2010.09.24"]

1. e4 e5 2. Nf3 d6 3. d4 exd4 4. Qxd4 Nc6 5. Bb5 Bd7 6. Bxc6 Bxc6 7. Nc3 Nf6 8.
Bg5 Be7 9. O-O-O h6 10. Bh4 Rg8 11. e5 dxe5 12. Qxe5 Nd7 13. Qe3 Kf8 14. Bg3
Bf6 15. Rhe1 Bxc3 16. Bxc7 Bxb2+ 17. Kb1 Qf6 18. Bd6+ 1-0

[Event "20. Open Internacional de Gros"]
[Site "San Sebastián ESP"]
[Date "2010.09.24"]
[Round "1.7"]
[White "Lakunza Oyarbide, Juan Carlos"]
[Black "Sanchez Merino, Christian"]
[Result "1-0"]
[WhiteElo "2102"]
[BlackElo "1624"]
[PlyCount "35"]
[EventDate "2010.09.24"]
[EventType "swiss"]
[EventRounds "9"]
[EventCountry "ESP"]
[Source "lmi"]
[SourceDate "2010.09.24"]

1. d4 d6 2. Nf3 Nf6 3. c4 Bf5 4. Qb3 Qc8 5. g3 g6 6. Bg2 Bg7 7. Nc3 O-O 8. Nh4
Nc6 9. Nxf5 Qxf5 10. Qxb7 Nxd4 11. O-O Rfe8 12. Qxc7 Rac8 13. Qxa7 Rxc4 14. h3
Qh5 15. b3 Rxc3 16. Qxd4 Qxe2 17. Qxc3 Ne4 18. Qc6 1-0

[Event "20. Open Internacional de Gros"]
[Site "San Sebastián ESP"]
[Date "2010.09.24"]
[Round "1.8"]
[White "Martikorena Endara, Patxi"]
[Black "Ladron De Guevara Galar, Fco J"]
[Result "0-1"]
[WhiteElo "1619"]
[BlackElo "2087"]
[PlyCount "36"]
[EventDate "2010.09.24"]
[EventType "swiss"]
[EventRounds "9"]
[EventCountry "ESP"]
[Source "lmi"]
[SourceDate "2010.09.24"]

1. e4 e5 2. Nf3 Nc6 3. Bb5 a6 4. Ba4 Nf6 5. O-O Be7 6. Re1 b5 7. Bb3 d6 8. c3
O-O 9. h3 Na5 10. Bc2 c5 11. d4 Qc7 12. Nbd2 cxd4 13. cxd4 Rd8 14. Nf1 exd4 15.
Nxd4 d5 16. e5 Ne4 17. f3 Bc5 18. Kh1 Nf2+ 0-1

[Event "20. Open Internacional de Gros"]
[Site "San Sebastián ESP"]
[Date "2010.09.24"]
[Round "1.9"]
[White "Alvarado Fernandez, Mikel"]
[Black "Gonzalez Pueyo, Patricia"]
[Result "1-0"]
[WhiteElo "2010"]
[BlackElo "1605"]
[PlyCount "51"]
[EventDate "2010.09.24"]
[EventType "swiss"]
[EventRounds "9"]
[EventCountry "ESP"]
[Source "lmi"]
[SourceDate "2010.09.24"]

1. d4 Nf6 2. Bg5 e6 3. e4 h6 4. Bxf6 Qxf6 5. e5 Qd8 6. Bd3 c5 7. dxc5 Bxc5 8.
Qe2 Nc6 9. c3 a6 10. Nd2 b5 11. Ne4 Be7 12. f4 Qc7 13. Nf3 Bb7 14. O-O O-O 15.
Nfd2 b4 16. Nc4 bxc3 17. bxc3 Na7 18. Rab1 Nb5 19. a4 Bxe4 20. Qxe4 f5 21. exf6
Bxf6 22. axb5 Qc5+ 23. Kh1 axb5 24. Qh7+ Kf7 25. Rxb5 Qc8 26. Nd6+ 1-0

[Event "20. Open Internacional de Gros"]
[Site "San Sebastián ESP"]
[Date "2010.09.24"]
[Round "1.10"]
[White "Moreiro Sanchez, Silvestre"]
[Black "Darrigues, Alain"]
[Result "0-1"]
[WhiteElo "1600"]
[BlackElo "1996"]
[PlyCount "44"]
[EventDate "2010.09.24"]
[EventType "swiss"]
[EventRounds "9"]
[EventCountry "ESP"]
[Source "lmi"]
[SourceDate "2010.09.24"]

1. Nf3 Nf6 2. g3 c5 3. c4 d5 4. cxd5 Nxd5 5. Bg2 Nc6 6. a3 e5 7. Nc3 Be6 8. e3
Be7 9. O-O f5 10. d3 O-O 11. Ne2 Bf6 12. Nd2 Qd7 13. f4 Nxe3 14. Qa4 Qxd3 15.
Rf2 Ng4 16. Bxc6 bxc6 17. Qxc6 Bd5 18. Qxc5 Rfc8 19. Qa5 Bd8 20. Qa4 Bb6 21.
fxe5 Qxe2 22. Qd4 Bxd4 0-1

[Event "20. Open Internacional de Gros"]
[Site "San Sebastián ESP"]
[Date "2010.09.24"]
[Round "1.12"]
[White "Portugal Sarasola, Martin"]
[Black "Segovia Sanchez, Antonio"]
[Result "0-1"]
[WhiteElo "1574"]
[BlackElo "1983"]
[PlyCount "64"]
[EventDate "2010.09.24"]
[EventType "swiss"]
[EventRounds "9"]
[EventCountry "ESP"]
[Source "lmi"]
[SourceDate "2010.09.24"]

1. d4 d6 2. e4 Nf6 3. Nd2 g6 4. Ngf3 Bg7 5. Bd3 O-O 6. a3 c5 7. c3 Qc7 8. d5
Bg4 9. h3 Bxf3 10. Qxf3 Nbd7 11. Bc2 b5 12. c4 a6 13. O-O Rab8 14. cxb5 axb5
15. Rb1 c4 16. b4 cxb3 17. Qxb3 Nc5 18. Qb4 Rfc8 19. Bb2 Na6 20. Qd4 Qxc2 21.
Rfc1 Qa4 22. Rc6 Nc5 23. e5 Nfd7 24. Rxc8+ Rxc8 25. Qxa4 Nxa4 26. f4 Rc2 27. e6
Ndc5 28. Bxg7 Kxg7 29. Nf3 Nc3 30. Nd4 Rd2 31. Rb4 Na6 32. Nf3 Rd1+ 0-1

[Event "20. Open Internacional de Gros"]
[Site "San Sebastián ESP"]
[Date "2010.09.25"]
[Round "2.1"]
[White "Rodriguez Cabrera, Fco  Javier"]
[Black "Mirzoev, Azer"]
[Result "0-1"]
[WhiteElo "1973"]
[BlackElo "2527"]
[PlyCount "45"]
[EventDate "2010.09.24"]
[EventType "swiss"]
[EventRounds "9"]
[EventCountry "ESP"]
[Source "lmi"]
[SourceDate "2010.09.24"]

1. e4 Nf6 2. e5 Nd5 3. d4 d6 4. Nf3 dxe5 5. Nxe5 c6 6. c4 Nb4 7. a3 Qxd4 8.
axb4 Qxe5+ 9. Be2 e6 10. Qb3 a5 11. Bd2 Nd7 12. Bc3 Qe4 13. f3 Qh4+ 14. g3 Qh3
15. Bf1 Qh6 16. Kf2 Be7 17. Nd2 O-O 18. Rxa5 Rxa5 19. bxa5 e5 20. Ne4 Nc5 21.
Qc2 Nxe4+ 22. Qxe4 Bc5+ 23. Kg2 0-1

[Event "20. Open Internacional de Gros"]
[Site "San Sebastián ESP"]
[Date "2010.09.25"]
[Round "2.2"]
[White "Argandona Riveiro, Inigo"]
[Black "Fernandez Zubitur, Jokin"]
[Result "1-0"]
[WhiteElo "2408"]
[BlackElo "1907"]
[PlyCount "91"]
[EventDate "2010.09.24"]
[EventType "swiss"]
[EventRounds "9"]
[EventCountry "ESP"]
[Source "lmi"]
[SourceDate "2010.09.24"]

1. Nf3 Nf6 2. c4 e6 3. g3 b6 4. Bg2 Bb7 5. O-O Be7 6. Nc3 O-O 7. Re1 Ne4 8.
Nxe4 Bxe4 9. d3 Bb7 10. e4 d6 11. d4 Nd7 12. b3 e5 13. Bb2 Bf6 14. Qc2 Re8 15.
Rad1 Qe7 16. b4 a5 17. c5 bxc5 18. bxc5 dxc5 19. dxe5 Nxe5 20. Nxe5 Bxe5 21.
Bxe5 Qxe5 22. Rc1 Re7 23. Qxc5 Qxc5 24. Rxc5 g6 25. f3 Rd7 26. Rb1 c6 27. Bh3
Rc7 28. a4 Bc8 29. Kg2 f6 30. Rb6 Kf7 31. Rcxc6 Bxh3+ 32. Kxh3 Rxc6 33. Rxc6
Ra7 34. Kg4 h5+ 35. Kf4 Kg7 36. h4 Kf7 37. g4 hxg4 38. Kxg4 Kg7 39. h5 gxh5+
40. Kxh5 Re7 41. Kg4 Re5 42. Rd6 Kf7 43. Kf4 Ke7 44. Rd5 Ke6 45. Rxe5+ fxe5+
46. Kg5 1-0

[Event "20. Open Internacional de Gros"]
[Site "San Sebastián ESP"]
[Date "2010.09.25"]
[Round "2.3"]
[White "Riesco Lecuona, Juan Manuel"]
[Black "Hernandez, Elvis"]
[Result "0-1"]
[WhiteElo "1931"]
[BlackElo "2282"]
[PlyCount "60"]
[EventDate "2010.09.24"]
[EventType "swiss"]
[EventRounds "9"]
[EventCountry "ESP"]
[Source "lmi"]
[SourceDate "2010.09.24"]

1. e4 e6 2. d4 d5 3. Nc3 Bb4 4. exd5 exd5 5. Bd3 Nc6 6. a3 Bxc3+ 7. bxc3 Be6 8.
Rb1 Qe7 9. Ne2 O-O-O 10. O-O Nf6 11. Re1 Rhe8 12. a4 Bg4 13. f3 Bd7 14. Bd2 h6
15. Qc1 Na5 16. Qb2 Bc6 17. Qb4 b6 18. Bf5+ Nd7 19. Bd3 Bb7 20. Qxe7 Rxe7 21.
Ng3 Rxe1+ 22. Rxe1 Rg8 23. Re7 Rf8 24. Nf5 Kd8 25. Re1 Rg8 26. Re7 g6 27. Rxf7
gxf5 28. Bxf5 Bc8 29. Bxh6 Ke8 30. Rh7 Nf6 0-1

[Event "20. Open Internacional de Gros"]
[Site "San Sebastián ESP"]
[Date "2010.09.25"]
[Round "2.4"]
[White "Guijarro Galan, Jose Luis"]
[Black "Fuente San Sebastian, Ernesto"]
[Result "1-0"]
[WhiteElo "2222"]
[BlackElo "1880"]
[PlyCount "59"]
[EventDate "2010.09.24"]
[EventType "swiss"]
[EventRounds "9"]
[EventCountry "ESP"]
[Source "lmi"]
[SourceDate "2010.09.24"]

1. e4 Nf6 2. d3 e5 3. Nf3 d6 4. Nc3 Nbd7 5. Be2 Be7 6. Be3 Ng4 7. Bd2 c6 8. h3
Ngf6 9. d4 exd4 10. Nxd4 Nc5 11. Bf3 Be6 12. b4 Ncd7 13. Nxe6 fxe6 14. Bg4 Nf8
15. O-O h5 16. Be2 Qc7 17. b5 N8d7 18. a4 Nc5 19. Be3 Ncxe4 20. Nxe4 Nxe4 21.
Bxh5+ Kd7 22. Bg4 Nf6 23. Re1 Nxg4 24. Qxg4 Rh4 25. Qxg7 Rah8 26. Qg6 e5 27.
Rad1 Kc8 28. Bxa7 c5 29. Rxe5 dxe5 30. Qe6+ 1-0

[Event "20. Open Internacional de Gros"]
[Site "San Sebastián ESP"]
[Date "2010.09.25"]
[Round "2.5"]
[White "Bello Castano, Diego"]
[Black "Sanz Perez, Eduardo"]
[Result "0-1"]
[WhiteElo "1893"]
[BlackElo "2155"]
[PlyCount "112"]
[EventDate "2010.09.24"]
[EventType "swiss"]
[EventRounds "9"]
[EventCountry "ESP"]
[Source "lmi"]
[SourceDate "2010.09.24"]

1. e4 e6 2. d3 d5 3. Nd2 Nf6 4. Ngf3 c5 5. g3 Nc6 6. Bg2 b6 7. O-O Bb7 8. Re1
Be7 9. e5 Nd7 10. Nf1 Qc7 11. Qe2 O-O-O 12. a4 Rdg8 13. c3 g5 14. a5 g4 15.
N3d2 Ndxe5 16. axb6 axb6 17. b4 Nd7 18. bxc5 Nxc5 19. Ne3 h5 20. d4 Nd7 21.
Bxd5 h4 22. Bg2 hxg3 23. fxg3 Nf6 24. Bb2 Rh5 25. c4 Rgh8 26. Ndf1 Rg8 27. Nd2
e5 28. d5 Na5 29. Nef1 Bc5+ 30. Kh1 Nd7 31. Bc3 f5 32. Bxe5 Nxe5 33. Qxe5 Qxe5
34. Rxe5 Bd4 35. Rae1 Bxe5 36. Rxe5 Ba6 37. Re6 Kd7 38. Rxb6 Bxc4 39. Nxc4 Nxc4
40. Rb4 Rc8 41. Kg1 Rh6 42. Kf2 Ra6 43. Rb7+ Kd6 44. Rf7 Ra2+ 45. Kg1 Ke5 46.
Re7+ Kd4 47. h4 Rb8 48. Re6 Rbb2 49. Bh1 Kc5 50. Rc6+ Kd4 51. Re6 Rb6 52. Rxb6
Nxb6 53. d6 Ke5 54. Ne3 Re2 55. d7 Nxd7 56. Bc6 Rxe3 0-1

[Event "20. Open Internacional de Gros"]
[Site "San Sebastián ESP"]
[Date "2010.09.25"]
[Round "2.7"]
[White "Izagirre Alsua, Aritz"]
[Black "Lakunza Oyarbide, Juan Carlos"]
[Result "0-1"]
[WhiteElo "1823"]
[BlackElo "2102"]
[PlyCount "134"]
[EventDate "2010.09.24"]
[EventType "swiss"]
[EventRounds "9"]
[EventCountry "ESP"]
[Source "lmi"]
[SourceDate "2010.09.24"]

1. e4 e5 2. Nf3 Nc6 3. Bc4 Bc5 4. Nc3 Nf6 5. d3 a6 6. a4 d6 7. h3 Be6 8. Bxe6
fxe6 9. Bg5 O-O 10. Qd2 Qe8 11. O-O Nh5 12. Ne2 Rxf3 13. gxf3 Qf7 14. Kh2 Rf8
15. f4 exf4 16. f3 Be3 17. Qe1 Ne5 18. Bh4 g5 19. Bxg5 Qg6 20. Qh4 Ng3 21. Nxf4
Nxf1+ 22. Rxf1 Qf7 23. Nxe6 Qxe6 24. Bxe3 Nxf3+ 25. Rxf3 Rxf3 26. Bd4 c5 27.
Bc3 h6 28. Qd8+ Kh7 29. Qh8+ Kg6 30. Qg7+ Kh5 31. Qg2 Rf8 32. Qe2+ Kg6 33. Qg2+
Kf7 34. Qg7+ Ke8 35. Qg3 Rg8 36. Qf3 b5 37. axb5 axb5 38. Be1 Qg6 39. Bg3 Rf8
40. Qe2 Qf6 41. Qh5+ Kd7 42. Qd5 Rb8 43. e5 Qe6 44. Qe4 d5 45. Qe3 Kc6 46. Bf2
d4 47. Qe4+ Qd5 48. Qf5 Re8 49. Bg3 Re7 50. Qc8+ Kb6 51. Qf8 Qe6 52. Qb8+ Kc6
53. Qa8+ Kb6 54. Qd8+ Ka6 55. Qa8+ Ra7 56. Qf8 Re7 57. Qa8+ Ra7 58. Qd8 Kb7 59.
Qf8 Kc6 60. b4 cxb4 61. Qxb4 Ra4 62. Qf8 Ra2 63. Qf6 Qxf6 64. exf6 Rxc2+ 65.
Kg1 Kd7 66. Be5 Ke6 67. Bxd4 b4 0-1

[Event "20. Open Internacional de Gros"]
[Site "San Sebastián ESP"]
[Date "2010.09.25"]
[Round "2.8"]
[White "Ladron De Guevara Galar, Fco J"]
[Black "Iglesias Gonzalez, Veronica"]
[Result "1-0"]
[WhiteElo "2087"]
[BlackElo "1790"]
[PlyCount "145"]
[EventDate "2010.09.24"]
[EventType "swiss"]
[EventRounds "9"]
[EventCountry "ESP"]
[Source "lmi"]
[SourceDate "2010.09.24"]

1. d4 d5 2. c4 c6 3. Nc3 Nf6 4. e3 Bf5 5. cxd5 cxd5 6. Qb3 Qd7 7. Nf3 a6 8. Ne5
Qc7 9. Nxd5 Nxd5 10. Qxd5 e6 11. Qc4 Nc6 12. Bd2 Be4 13. Nxc6 Bxc6 14. Rc1 Bd6
15. h3 O-O 16. Bb4 Rac8 17. Bxd6 Qxd6 18. Qc5 Qd8 19. b3 Bxg2 20. Qxc8 Qxc8 21.
Rxc8 Bxh1 22. Rc7 g6 23. Be2 Bd5 24. f3 f5 25. h4 Rf7 26. Rc8+ Kg7 27. Kf2 b5
28. Kg3 Bb7 29. Rc5 Kf6 30. a4 bxa4 31. bxa4 Rd7 32. Bc4 h5 33. Kf4 Rd6 34. a5
Rd7 35. Bd3 Rg7 36. e4 Rd7 37. e5+ Kf7 38. Rc4 g5+ 39. hxg5 Kg6 40. Ke3 Kxg5
41. f4+ Kh4 42. Be2 Rg7 43. Rb4 Rg3+ 44. Kf2 Be4 45. Rb6 Ra3 46. Rxe6 Rh3 47.
Rh6 Rh2+ 48. Ke3 Rh3+ 49. Kd2 Ra3 50. e6 Bc6 51. e7 Be8 52. Rh8 Bd7 53. Bxh5
Kg3 54. Rd8 Bb5 55. d5 Kxf4 56. d6 Rd3+ 57. Kc2 Rd4 58. Be2 Ba4+ 59. Kc3 Rd5
60. Kb4 Rd4+ 61. Kc5 Rd2 62. Bxa6 Rc2+ 63. Kb4 Bc6 64. Bc4 Ke5 65. a6 Kf6 66.
a7 f4 67. a8=Q Bxa8 68. Rxa8 f3 69. e8=Q f2 70. Qe6+ Kg5 71. Rg8+ Kf4 72. Rg4+
Kf3 73. Qe4# 1-0

[Event "20. Open Internacional de Gros"]
[Site "San Sebastián ESP"]
[Date "2010.09.25"]
[Round "2.9"]
[White "Markina Amutxastegi, Fernando"]
[Black "Alvarado Fernandez, Mikel"]
[Result "0-1"]
[WhiteElo "1797"]
[BlackElo "2010"]
[PlyCount "78"]
[EventDate "2010.09.24"]
[EventType "swiss"]
[EventRounds "9"]
[EventCountry "ESP"]
[Source "lmi"]
[SourceDate "2010.09.24"]

1. e4 d5 2. exd5 Qxd5 3. d4 c6 4. c4 Qd6 5. Nf3 Bg4 6. Be2 Nd7 7. O-O Ngf6 8.
Nc3 e6 9. Re1 Be7 10. b3 O-O 11. Bb2 Rad8 12. a4 Rfe8 13. Qd2 Qc7 14. Qe3 h6
15. a5 Bd6 16. h3 Bf4 17. Qd3 Bf5 18. Qd1 Nc5 19. Bf1 e5 20. d5 e4 21. b4 Na6
22. Nd4 Bg6 23. b5 Nb4 24. bxc6 bxc6 25. Qa4 Rb8 26. Ba3 Qe5 27. Rad1 c5 28.
Ndb5 a6 29. Bxb4 cxb4 30. Nd4 bxc3 31. Nc6 Qd6 32. Nxb8 Rxb8 33. Rb1 Rc8 34.
Rb6 Qc5 35. Rxa6 e3 36. Ra1 exf2+ 37. Kh1 Be4 38. Rb6 Qe3 39. Rc6 Qc5 0-1

[Event "20. Open Internacional de Gros"]
[Site "San Sebastián ESP"]
[Date "2010.09.25"]
[Round "2.10"]
[White "Darrigues, Alain"]
[Black "Mohseni, Neik"]
[Result "1-0"]
[WhiteElo "1996"]
[BlackElo "1747"]
[PlyCount "123"]
[EventDate "2010.09.24"]
[EventType "swiss"]
[EventRounds "9"]
[EventCountry "ESP"]
[Source "lmi"]
[SourceDate "2010.09.24"]

1. d4 d5 2. c4 Nc6 3. Nf3 e6 4. Nc3 Nf6 5. Bg5 Be7 6. e3 O-O 7. Rc1 a6 8. Bd3
dxc4 9. Bxc4 Nd5 10. Bxe7 Ncxe7 11. O-O b5 12. Bd3 Bb7 13. a3 f5 14. Re1 Ng6
15. Qb3 Rf6 16. Ne2 Nde7 17. Ng3 Bxf3 18. gxf3 Nh4 19. Be2 Nd5 20. Kh1 Ra7 21.
Rg1 Rh6 22. Rc5 Qa8 23. Nf1 Nb6 24. Rg3 Nd7 25. Rc1 Kh8 26. Nd2 e5 27. Qf7 Rg6
28. Rxg6 Nxg6 29. Qxd7 exd4 30. Rxc7 Rxc7 31. Qxc7 dxe3 32. fxe3 h6 33. Kg1 Kh7
34. Qd7 Qf8 35. Bd3 Ne7 36. Nb3 Qf6 37. Nd4 Qg5+ 38. Kf2 Qh4+ 39. Kf1 Qh3+ 40.
Kg1 Qh4 41. Bxf5+ Nxf5 42. Nxf5 Qe1+ 43. Kg2 Qe2+ 44. Kg3 Qxb2 45. Qd4 Qxd4 46.
Nxd4 Kg6 47. Kg4 h5+ 48. Kf4 Kf6 49. h4 g6 50. e4 Kg7 51. Ke5 g5 52. hxg5 h4
53. Nf5+ Kg6 54. Nxh4+ Kxg5 55. Nf5 a5 56. f4+ Kg6 57. Ne7+ Kf7 58. Nd5 Kf8 59.
Kd6 Kf7 60. f5 Ke8 61. e5 Kf7 62. e6+ 1-0

[Event "20. Open Internacional de Gros"]
[Site "San Sebastián ESP"]
[Date "2010.09.25"]
[Round "2.11"]
[White "Espin Laborde, Jesus Maria"]
[Black "Maruejols, Claude"]
[Result "0-1"]
[WhiteElo "1777"]
[BlackElo "1990"]
[PlyCount "42"]
[EventDate "2010.09.24"]
[EventType "swiss"]
[EventRounds "9"]
[EventCountry "ESP"]
[Source "lmi"]
[SourceDate "2010.09.24"]

1. e4 c5 2. Nf3 d6 3. d4 cxd4 4. Nxd4 Nf6 5. Nc3 a6 6. Be3 e5 7. Nb3 Be6 8. f3
Be7 9. Qd2 O-O 10. O-O-O Nbd7 11. g4 b5 12. g5 b4 13. Na4 Nh5 14. Rg1 a5 15.
Kb1 Qc7 16. Bb5 Rfb8 17. Qd3 Rxb5 18. Qxb5 Bc4 19. Bb6 Qc8 20. Qxa5 Rxa5 21.
Nxa5 Bb5 0-1

[Event "20. Open Internacional de Gros"]
[Site "San Sebastián ESP"]
[Date "2010.09.26"]
[Round "3.1"]
[White "Mirzoev, Azer"]
[Black "Ladron De Guevara Galar, Fco J"]
[Result "1-0"]
[WhiteElo "2527"]
[BlackElo "2087"]
[PlyCount "47"]
[EventDate "2010.09.24"]
[EventType "swiss"]
[EventRounds "9"]
[EventCountry "ESP"]
[Source "lmi"]
[SourceDate "2010.09.24"]

1. Nf3 d5 2. c4 e6 3. d4 Nf6 4. Nc3 Be7 5. Bf4 O-O 6. e3 Nbd7 7. h3 c5 8. cxd5
exd5 9. dxc5 Nxc5 10. Be5 Be6 11. Be2 Rc8 12. O-O Bd6 13. Bd4 Nfe4 14. Rc1 Re8
15. Nb5 Bb8 16. b4 Nd7 17. Rxc8 Qxc8 18. Bxa7 Bxa7 19. Nxa7 Qa8 20. Qd4 b6 21.
Nb5 Qxa2 22. Bd3 Nef6 23. Ra1 Qb3 24. Nd2 1-0

[Event "20. Open Internacional de Gros"]
[Site "San Sebastián ESP"]
[Date "2010.09.26"]
[Round "3.2"]
[White "Lakunza Oyarbide, Juan Carlos"]
[Black "Argandona Riveiro, Inigo"]
[Result "0-1"]
[WhiteElo "2102"]
[BlackElo "2408"]
[PlyCount "102"]
[EventDate "2010.09.24"]
[EventType "swiss"]
[EventRounds "9"]
[EventCountry "ESP"]
[Source "lmi"]
[SourceDate "2010.09.24"]

1. d4 d5 2. c4 e6 3. Nf3 Nf6 4. g3 dxc4 5. Bg2 b5 6. O-O Bb7 7. a4 a6 8. Nc3 b4
9. Nb1 a5 10. Bg5 Nbd7 11. Nbd2 c3 12. bxc3 bxc3 13. Nb1 Bb4 14. Qc1 Ra6 15.
Qe3 Nd5 16. Qd3 f6 17. e4 Ne7 18. Be3 Nc5 19. Qb5+ Rc6 20. dxc5 Ba6 21. Nd4
Bxb5 22. axb5 e5 23. Nxc6 Nxc6 24. bxc6 c2 25. Na3 Qd3 26. Bc1 Ke7 27. Bh3 Rd8
28. Bd7 Rb8 29. Ra2 Qb3 30. Rxc2 Bxa3 31. Rd2 Bxc5 32. Bf5 Bd4 33. Rfd1 g6 34.
Bg4 Qc3 35. Rd3 Qxc6 36. Ba3+ Kf7 37. Rc1 Qb6 38. Bd1 c5 39. Bb3+ Kg7 40. Kg2
a4 41. Bc4 f5 42. Bd5 Qa5 43. f3 fxe4 44. fxe4 g5 45. Rf1 Rf8 46. Rdf3 Qd2+ 47.
Kh3 Rxf3 48. Rxf3 h5 49. Rf1 Be3 50. g4 hxg4+ 51. Kxg4 Qg2+ 0-1

[Event "20. Open Internacional de Gros"]
[Site "San Sebastián ESP"]
[Date "2010.09.26"]
[Round "3.3"]
[White "Hernandez, Elvis"]
[Black "Darrigues, Alain"]
[Result "1-0"]
[WhiteElo "2282"]
[BlackElo "1996"]
[PlyCount "75"]
[EventDate "2010.09.24"]
[EventType "swiss"]
[EventRounds "9"]
[EventCountry "ESP"]
[Source "lmi"]
[SourceDate "2010.09.24"]

1. e4 c5 2. c3 Nf6 3. e5 Nd5 4. d4 cxd4 5. Nf3 Nc6 6. Bc4 e6 7. cxd4 d6 8. O-O
dxe5 9. dxe5 Be7 10. Qe2 O-O 11. Rd1 a6 12. Qe4 f5 13. exf6 Nxf6 14. Bxe6+ Kh8
15. Qe2 Qc7 16. Bxc8 Raxc8 17. Bg5 Rce8 18. Nc3 Bb4 19. Qc4 Bxc3 20. bxc3 Ne4
21. Re1 b5 22. Qd3 Nf6 23. Bxf6 gxf6 24. Rxe8 Rxe8 25. Qf5 Qe7 26. h3 Ne5 27.
Nh4 Qe6 28. Qf4 Rc8 29. Rd1 Rc4 30. Rd8+ Kg7 31. Nf5+ Kf7 32. Qg3 Ng6 33. Nd6+
Kg7 34. Nxc4 Qxc4 35. Rd7+ Kh6 36. Qe3+ Qf4 37. Rd6 a5 38. Rxf6 1-0

[Event "20. Open Internacional de Gros"]
[Site "San Sebastián ESP"]
[Date "2010.09.26"]
[Round "3.4"]
[White "Alvarado Fernandez, Mikel"]
[Black "Guijarro Galan, Jose Luis"]
[Result "0-1"]
[WhiteElo "2010"]
[BlackElo "2222"]
[PlyCount "112"]
[EventDate "2010.09.24"]
[EventType "swiss"]
[EventRounds "9"]
[EventCountry "ESP"]
[Source "lmi"]
[SourceDate "2010.09.24"]

1. d4 d5 2. Bg5 Nf6 3. Bxf6 exf6 4. e3 Bd6 5. c4 c6 6. Nc3 O-O 7. c5 Bc7 8. b4
Re8 9. g3 Nd7 10. Nge2 Nf8 11. Bg2 Ng6 12. O-O h5 13. Nf4 Bg4 14. f3 Bxf4 15.
exf4 Bf5 16. Qd2 Qd7 17. Rfe1 Bh3 18. Rxe8+ Rxe8 19. Re1 Rxe1+ 20. Qxe1 h4 21.
a4 Bxg2 22. Kxg2 Qf5 23. Qd2 Qd7 24. Qd3 Ne7 25. b5 Qe6 26. Qe2 Nf5 27. Qxe6
fxe6 28. Ne2 Ne3+ 29. Kf2 Nc2 30. a5 a6 31. b6 Kf7 32. g4 Ke7 33. Kg2 Ne3+ 34.
Kf2 Nc4 35. Nc3 Nxa5 36. Ke2 Nb3 37. Kd3 Kd7 38. Ne2 e5 39. fxe5 fxe5 40. dxe5
Nxc5+ 41. Ke3 a5 42. Nd4 a4 43. f4 a3 44. f5 a2 45. Nc2 Nb3 46. g5 Ke7 47. Kd3
a1=Q 48. Nxa1 Nxa1 49. Kc3 d4+ 50. Kxd4 Nb3+ 51. Kc4 Nd2+ 52. Kc5 Ne4+ 53. Kd4
Nxg5 54. Ke3 Nh7 55. Kf4 Nf8 56. h3 Nd7 0-1

[Event "20. Open Internacional de Gros"]
[Site "San Sebastián ESP"]
[Date "2010.09.26"]
[Round "3.5"]
[White "Sanz Perez, Eduardo"]
[Black "Segovia Sanchez, Antonio"]
[Result "1-0"]
[WhiteElo "2155"]
[BlackElo "1983"]
[PlyCount "67"]
[EventDate "2010.09.24"]
[EventType "swiss"]
[EventRounds "9"]
[EventCountry "ESP"]
[Source "lmi"]
[SourceDate "2010.09.24"]

1. f4 d5 2. e3 h5 3. Nf3 Nh6 4. c4 c6 5. Nc3 e6 6. b3 Nd7 7. Bb2 Nf5 8. Qc2 Nf6
9. Bd3 d4 10. exd4 Nxd4 11. Nxd4 Qxd4 12. Nd5 Qc5 13. b4 Qd6 14. Be5 cxd5 15.
Bxd6 Bxd6 16. O-O Bd7 17. c5 Rc8 18. Qb2 Be7 19. Rac1 O-O 20. Bb1 Ne4 21. Qd4
f5 22. Bxe4 fxe4 23. Qe5 Rf5 24. Qc3 Bb5 25. Rf2 Bf6 26. Qe3 Rc6 27. g4 hxg4
28. Rg2 Ra6 29. a3 Bb2 30. Rb1 Bxa3 31. Rxg4 Bd3 32. Qd4 e5 33. Qxd5+ Kh7 34.
Qd7 1-0

[Event "20. Open Internacional de Gros"]
[Site "San Sebastián ESP"]
[Date "2010.09.26"]
[Round "3.7"]
[White "Fernandez Zubitur, Jokin"]
[Black "Tung, Siu Hung"]
[Result "0-1"]
[WhiteElo "1907"]
[BlackElo "1875"]
[PlyCount "108"]
[EventDate "2010.09.24"]
[EventType "swiss"]
[EventRounds "9"]
[EventCountry "ESP"]
[Source "lmi"]
[SourceDate "2010.09.24"]

1. e4 g6 2. d4 Bg7 3. Nf3 d6 4. Nc3 Nd7 5. Be2 a6 6. O-O c5 7. Be3 b6 8. dxc5
Nxc5 9. Bd4 Nf6 10. Nd5 O-O 11. Nxf6+ exf6 12. Bd3 Re8 13. Re1 Bb7 14. Nd2 Rc8
15. f3 d5 16. Bxc5 bxc5 17. exd5 Rxe1+ 18. Qxe1 Qxd5 19. Qe7 Qd4+ 20. Kh1 Bd5
21. Bxa6 Rb8 22. Nb3 Qxb2 23. Re1 Bf8 24. Qd7 Qc3 25. Rd1 Be6 26. Qd3 Qe5 27.
Bc4 Bf5 28. Qd2 Rb4 29. Bf1 Rb6 30. c4 Be6 31. Re1 Qh5 32. Qf2 Rc6 33. Nd2 f5
34. f4 Bc8 35. Re3 Qd1 36. Nf3 Re6 37. Rd3 Qc1 38. Ne5 Bb7 39. Rd7 Re7 40. Rxe7
Bxe7 41. h3 Be4 42. Kh2 Qd1 43. Be2 Qd2 44. a3 f6 45. Nf3 Qxf4+ 46. Qg3 Qe3 47.
Ng1 Qd4 48. Qb8+ Kg7 49. Qc7 Kf8 50. Qc8+ Bd8 51. a4 Qe5+ 52. Kh1 Ke7 53. Nf3
Bxf3 54. Bxf3 Bc7 0-1